[Event "AUT-ch Internet"]
[Site "Wilhelm-Steinitz-Stadion"]
[Date "2020.10.04"]
[Round "2"]
[White "Pjotr2402"]
[Black "Valentin Dragnev"]
[Result "1-0"]
[WhiteElo "2344"]
[BlackElo "2223"]
[Annotator "NA"]
[PlyCount "47"]
[EventDate "2020.10.04"]
[EventType "blitz"]

1. Nf3 {[%emt 0:00:01]} Nf6 {[%emt 0:00:02]} 2. c4 {[%emt 0:00:02]} c5 {[%emt 0:00:02]} 3. Nc3 {[%emt 0:00:03]} e6 {[%emt 0:00:07]} 4. g3 {[%emt 0:00:03]} d5 {[%emt 0:00:04]} 5. cxd5 {[%emt 0:00:02]} Nxd5 {[%emt 0:00:00]} 6. d4 {[%emt 0:00:06]} Nxc3 {[%emt 0:00:19]} 7. bxc3 {[%emt 0:00:02]} b6 {[%emt 0:00:01]} 8. Bg2 {[%emt 0:00:04]} Bb7 {[%emt 0:00:01]} 9. O-O {[%emt 0:00:01]} Be7 {[%emt 0:00:04]} 10. a4 {[%emt 0:00:01]} O-O {[%emt 0:00:02]} 11. a5 {[%emt 0:00:01]} bxa5 {[%emt 0:00:12]} 12. Qa4 {[%emt 0:00:08]} cxd4 {[%emt 0:00:02]} 13. cxd4 {[%emt 0:00:03]} Bb4 {[%emt 0:00:24]} 14. Ba3 {[%emt 0:00:05]} Qe7 {[%emt 0:00:03]} 15. Qxa5 {[%emt 0:00:11]} Bxa3 {[%emt 0:00:11]} 16. Qxa3 {[%emt 0:00:05]} Qxa3 {[%emt 0:00:01]} 17. Rxa3 {[%emt 0:00:02]} Nd7 {[%emt 0:00:03]} 18. Rfa1 {[%emt 0:00:07]} a6 {[%emt 0:00:23]} 19. Ne5 {[%emt 0:00:21]} Bxg2 {[%emt 0:00:18]} 20. Nxd7 {[%emt 0:00:02]} Rfe8 {[%emt 0:00:01]} 21. Kxg2 {[%emt 0:00:06]} Red8 {[%emt 0:00:07]} 22. Rxa6 {[%emt 0:00:07]} Rxa6 {[%emt 0:00:04]} 23. Rxa6 {[%emt 0:00:02]} h6 {[%emt 0:00:01]} 24. Ra7 {[%emt 0:00:03] Valentin Dragnev gibt auf (Lag: Av=0.75s, max=1.3s)} 1-0

[Event "AUT-ch Internet"]
[Site "Wilhelm-Steinitz-Stadion"]
[Date "2020.10.04"]
[Round "2"]
[White "En#passant"]
[Black "Shengel"]
[Result "1-0"]
[WhiteElo "2252"]
[BlackElo "2459"]
[PlyCount "53"]
[EventDate "2020.10.04"]
[EventType "blitz"]

1. Nf3 {[%emt 0:00:02]} Nf6 {[%emt 0:00:02]} 2. g3 {[%emt 0:00:03]} b6 {[%emt 0:00:01]} 3. Bg2 {[%emt 0:00:01]} Bb7 {[%emt 0:00:01]} 4. O-O {[%emt 0:00:00]} g6 {[%emt 0:00:01]} 5. c4 {[%emt 0:00:01]} Bg7 {[%emt 0:00:01]} 6. Nc3 {[%emt 0:00:01]} O-O {[%emt 0:00:02]} 7. d4 {[%emt 0:00:04]} Ne4 {[%emt 0:00:02]} 8. Bd2 {[%emt 0:00:09]} Nxd2 {[%emt 0:00:04]} 9. Qxd2 {[%emt 0:00:01]} d6 {[%emt 0:00:03]} 10. d5 {[%emt 0:00:05]} Nd7 {[%emt 0:00:06]} 11. Nd4 {[%emt 0:00:04]} a5 {[%emt 0:00:07]} 12. h4 {[%emt 0:00:14]} Nc5 {[%emt 0:00:04]} 13. h5 {[%emt 0:00:05]} Qd7 {[%emt 0:00:12]} 14. Rad1 {[%emt 0:00:15]} Rae8 {[%emt 0:00:02]} 15. Ne4 {[%emt 0:00:23]} gxh5 {[%emt 0:00:19]} 16. Nxc5 {[%emt 0:00:34]} dxc5 {[%emt 0:00:09]} 17. Nf3 {[%emt 0:00:01]} Qg4 {[%emt 0:00:08]} 18. b3 {[%emt 0:00:12]} Bc8 {[%emt 0:00:10]} 19. Nh4 {[%emt 0:00:05]} h6 {[%emt 0:00:13]} 20. Bf3 {[%emt 0:00:46]} Qg5 {[%emt 0:00:02]} 21. Qd3 {[%emt 0:00:03]} e5 {[%emt 0:00:12]} 22. e4 {[%emt 0:00:06]} Bf6 {[%emt 0:00:09]} 23. Kg2 {[%emt 0:00:11]} Kh7 {[%emt 0:00:08]} 24. Rh1 {[%emt 0:00:01]} Rg8 {[%emt 0:00:03]} 25. Rdg1 {[%emt 0:00:03]} Bf5 {[%emt 0:00:09]} 26. Nxf5 {[%emt 0:00:03]} Qg4 {[%emt 0:00:00]} 27. Bxg4 {[%emt 0:00:02] Shengel gibt auf (Lag: Av=0.70s, max=1.5s)} 1-0

[Event "AUT-ch Internet"]
[Site "Wilhelm-Steinitz-Stadion"]
[Date "2020.10.04"]
[Round "2"]
[White "Konstantin Peyrer"]
[Black "Tannika"]
[Result "1-0"]
[WhiteElo "2228"]
[BlackElo "2151"]
[PlyCount "59"]
[EventDate "2020.10.04"]
[EventType "blitz"]

{Peyrer, Konstantin} 1. d4 {[%emt 0:00:03]} d5 {[%emt 0:00:02]} 2. Nf3 {[%emt 0:00:02]} Nf6 {[%emt 0:00:01]} 3. g3 {[%emt 0:00:07]} e6 {[%emt 0:00:02]} 4. Bg2 {[%emt 0:00:00]} Be7 {[%emt 0:00:01]} 5. O-O {[%emt 0:00:01]} O-O {[%emt 0:00:00]} 6. c4 {[%emt 0:00:01]} dxc4 {[%emt 0:00:01]} 7. Ne5 {[%emt 0:00:07]} Nc6 {[%emt 0:00:02]} 8. Nxc6 {[%emt 0:00:00]} bxc6 {[%emt 0:00:01]} 9. Na3 {[%emt 0:00:01]} Bxa3 {[%emt 0:00:02]} 10. bxa3 {[%emt 0:00:00]} Ba6 {[%emt 0:00:16]} 11. Qd2 {[%emt 0:00:02]} Rb8 {[%emt 0:00:13]} 12. Qa5 {[%emt 0:00:10]} Rb6 {[%emt 0:00:16]} 13. Bf4 {[%emt 0:00:08]} Qc8 {[%emt 0:00:08]} 14. Rab1 {[%emt 0:00:16]} Rd8 {[%emt 0:00:05]} 15. Be5 {[%emt 0:00:11]} Nd5 {[%emt 0:00:20]} 16. Rbc1 {[%emt 0:00:20]} f6 {[%emt 0:00:21]} 17. Bf4 {[%emt 0:00:04]} Nxf4 {[%emt 0:00:01]} 18. gxf4 {[%emt 0:00:00]} Rxd4 {[%emt 0:00:02]} 19. e3 {[%emt 0:00:02]} Rd3 {[%emt 0:00:24]} 20. Be4 {[%emt 0:00:10]} Rb5 {[%emt 0:00:34]} 21. Qa4 {[%emt 0:00:07]} Rd2 {[%emt 0:00:02]} 22. Bxc6 {[%emt 0:00:27]} Rbb2 {[%emt 0:00:25]} 23. Rc3 {[%emt 0:00:42]} e5 {[%emt 0:00:14]} 24. fxe5 {[%emt 0:00:11]} Qg4+ {[%emt 0:00:12]} 25. Bg2 {[%emt 0:00:02]} Qc8 {[%emt 0:00:06]} 26. exf6 {[%emt 0:00:09]} gxf6 {[%emt 0:00:00]} 27. e4 {[%emt 0:00:00]} Kh8 {[%emt 0:00:01]} 28. Qc6 {[%emt 0:00:02]} Bb7 {[%emt 0:00:01]} 29. Qxf6+ {[%emt 0:00:01]} Kg8 {[%emt 0:00:00]} 30. Rg3+ {[%emt 0:00:00] Tannika gibt auf (Lag: Av=1.12s, max=2.2s)} 1-0

[Event "AUT-ch Internet"]
[Site "Wilhelm-Steinitz-Stadion"]
[Date "2020.10.04"]
[Round "2"]
[White "S Baumegger"]
[Black "Febloh"]
[Result "0-1"]
[WhiteElo "2178"]
[BlackElo "2235"]
[PlyCount "60"]
[EventDate "2020.10.04"]
[EventType "blitz"]

1. c4 {[%emt 0:00:02]} Nf6 {[%emt 0:00:01]} 2. Nc3 {[%emt 0:00:02]} g6 {[%emt 0:00:01]} 3. e4 {[%emt 0:00:02]} d6 {[%emt 0:00:01]} 4. d4 {[%emt 0:00:01]} Bg7 {[%emt 0:00:01]} 5. Be2 {[%emt 0:00:00]} O-O {[%emt 0:00:01]} 6. Be3 {[%emt 0:00:00]} c5 {[%emt 0:00:03]} 7. d5 {[%emt 0:00:03]} e6 {[%emt 0:00:02]} 8. Nf3 {[%emt 0:00:01]} exd5 {[%emt 0:00:01]} 9. cxd5 {[%emt 0:00:01]} Bg4 {[%emt 0:00:01]} 10. Nd2 {[%emt 0:00:03]} Bxe2 {[%emt 0:00:01]} 11. Qxe2 {[%emt 0:00:00]} Re8 {[%emt 0:00:02]} 12. O-O {[%emt 0:00:05]} Na6 {[%emt 0:00:02]} 13. f3 {[%emt 0:00:07]} Nc7 {[%emt 0:00:01]} 14. a4 {[%emt 0:00:04]} Rb8 {[%emt 0:00:04]} 15. Nc4 {[%emt 0:00:14]} a6 {[%emt 0:00:31]} 16. Qd2 {[%emt 0:00:06]} b5 {[%emt 0:00:09]} 17. axb5 {[%emt 0:00:02]} axb5 {[%emt 0:00:02]} 18. Na5 {[%emt 0:00:02]} Ra8 {[%emt 0:00:01]} 19. Nc6 {[%emt 0:00:09]} Qd7 {[%emt 0:00:01]} 20. b3 {[%emt 0:00:35]} Rxa1 {[%emt 0:00:19]} 21. Rxa1 {[%emt 0:00:03]} b4 {[%emt 0:00:10]} 22. Na4 {[%emt 0:00:49]} Nfxd5 {[%emt 0:00:16]} 23. exd5 {[%emt 0:00:59]} Bxa1 {[%emt 0:00:01]} 24. Bg5 {[%emt 0:00:10]} Qf5 {[%emt 0:00:24]} 25. Ne7+ {[%emt 0:00:06]} Rxe7 {[%emt 0:00:01]} 26. Bxe7 {[%emt 0:00:01]} Bd4+ {[%emt 0:00:01]} 27. Kf1 {[%emt 0:00:04]} Nxd5 {[%emt 0:00:04]} 28. Bxd6 {[%emt 0:00:03]} Ne3+ {[%emt 0:00:36]} 29. Ke2 {[%emt 0:00:01]} Qe6 {[%emt 0:00:02]} 30. Bg3 {[%emt 0:00:03]} Nc4+ {[%emt 0:00:02] S Baumegger gibt auf (Lag: Av=0.70s, max=0.9s)} 0-1

[Event "AUT-ch Internet"]
[Site "Wilhelm-Steinitz-Stadion"]
[Date "2020.10.04"]
[Round "3"]
[White "Shengel"]
[Black "Pjotr2402"]
[Result "0-1"]
[WhiteElo "2433"]
[BlackElo "2356"]
[Annotator "NA"]
[PlyCount "70"]
[EventDate "2020.10.04"]
[EventType "blitz"]

1. d4 {[%emt 0:00:02]} Nf6 {[%emt 0:00:02]} 2. g3 {[%emt 0:00:04]} d5 {[%emt 0:00:07]} 3. Bg2 {[%emt 0:00:06]} c6 {[%emt 0:00:03]} 4. e3 {[%emt 0:00:14]} Nbd7 {[%emt 0:00:07]} 5. Ne2 {[%emt 0:00:01]} e5 {[%emt 0:00:02]} 6. dxe5 {[%emt 0:00:02]} Nxe5 {[%emt 0:00:02]} 7. h3 {[%emt 0:00:04]} Bc5 {[%emt 0:00:20]} 8. b3 {[%emt 0:00:15]} O-O {[%emt 0:00:03]} 9. Bb2 {[%emt 0:00:01]} Re8 {[%emt 0:00:01]} 10. Nbc3 {[%emt 0:00:03]} a5 {[%emt 0:00:06]} 11. Qd2 {[%emt 0:00:06]} b5 {[%emt 0:00:17]} 12. Nd4 {[%emt 0:00:15]} Qb6 {[%emt 0:00:47]} 13. Nce2 {[%emt 0:00:14]} a4 {[%emt 0:00:08]} 14. f4 {[%emt 0:00:18]} Ned7 {[%emt 0:00:20]} 15. b4 {[%emt 0:00:04]} a3 {[%emt 0:00:10]} 16. Bc3 {[%emt 0:00:06]} Bf8 {[%emt 0:00:02]} 17. O-O {[%emt 0:00:02]} Ne4 {[%emt 0:00:03]} 18. Bxe4 {[%emt 0:00:01]} Rxe4 {[%emt 0:00:00]} 19. g4 {[%emt 0:00:04]} Re8 {[%emt 0:00:11]} 20. Ng3 {[%emt 0:00:02]} Nf6 {[%emt 0:00:02]} 21. Rae1 {[%emt 0:00:08]} Ne4 {[%emt 0:00:02]} 22. Nxe4 {[%emt 0:00:03]} Rxe4 {[%emt 0:00:00]} 23. Kg2 {[%emt 0:00:07]} Bb7 {[%emt 0:00:04]} 24. Kg3 {[%emt 0:00:08]} Rae8 {[%emt 0:00:03]} 25. Rf3 {[%emt 0:00:05]} c5 {[%emt 0:00:02]} 26. bxc5 {[%emt 0:00:02]} Bxc5 {[%emt 0:00:00]} 27. Nf5 {[%emt 0:00:09]} d4 {[%emt 0:00:13]} 28. exd4 {[%emt 0:00:11]} Rxe1 {[%emt 0:00:12]} 29. dxc5 {[%emt 0:00:02]} Qxc5 {[%emt 0:00:01]} 30. Nxg7 {[%emt 0:00:12]} Bxf3 {[%emt 0:00:14]} 31. Nxe8 {[%emt 0:00:03]} Rxe8 {[%emt 0:00:02]} 32. Kxf3 {[%emt 0:00:01]} Rc8 {[%emt 0:00:05]} 33. Be5 {[%emt 0:00:04]} Qxc2 {[%emt 0:00:02]} 34. Qa5 {[%emt 0:00:09]} Qd3+ {[%emt 0:00:02]} 35. Kf2 {[%emt 0:00:08]} Rc2+ {[%emt 0:00:01] Shengel gibt auf (Lag: Av=0.93s, max=2.2s)} 0-1

[Event "AUT-ch Internet"]
[Site "Wilhelm-Steinitz-Stadion"]
[Date "2020.10.04"]
[Round "3"]
[White "DoHoChess"]
[Black "Konstantin Peyrer"]
[Result "1-0"]
[WhiteElo "2264"]
[BlackElo "2241"]
[PlyCount "101"]
[EventDate "2020.10.04"]
[EventType "blitz"]

{- Peyrer, Konstantin} 1. e4 {[%emt 0:00:12]} e5 {[%emt 0:00:05]} 2. Nf3 {[%emt 0:00:01]} Nc6 {[%emt 0:00:01]} 3. Nc3 {[%emt 0:00:00]} Nf6 {[%emt 0:00:06]} 4. Bb5 {[%emt 0:00:00]} Bb4 {[%emt 0:00:02]} 5. Bxc6 {[%emt 0:00:03]} bxc6 {[%emt 0:00:03]} 6. Nxe5 {[%emt 0:00:11]} O-O {[%emt 0:00:16]} 7. d3 {[%emt 0:00:13]} Re8 {[%emt 0:00:02]} 8. Nf3 {[%emt 0:00:04]} d5 {[%emt 0:00:02]} 9. e5 {[%emt 0:00:46]} d4 {[%emt 0:00:11]} 10. a3 {[%emt 0:00:01]} Bd6 {[%emt 0:00:12]} 11. Ne4 {[%emt 0:00:24]} Bxe5 {[%emt 0:00:13]} 12. O-O {[%emt 0:00:02]} Nxe4 {[%emt 0:00:19]} 13. dxe4 {[%emt 0:00:00]} Bg4 {[%emt 0:00:01]} 14. h3 {[%emt 0:00:02]} Bxf3 {[%emt 0:00:01]} 15. Qxf3 {[%emt 0:00:01]} Qd6 {[%emt 0:00:09]} 16. Qd3 {[%emt 0:00:08]} g6 {[%emt 0:00:21]} 17. f4 {[%emt 0:00:02]} Bg7 {[%emt 0:00:01]} 18. Bd2 {[%emt 0:00:04]} c5 {[%emt 0:00:01]} 19. Rae1 {[%emt 0:00:03]} Rad8 {[%emt 0:00:13]} 20. b3 {[%emt 0:00:02]} Qc6 {[%emt 0:00:07]} 21. Re2 {[%emt 0:00:06]} Re7 {[%emt 0:00:22]} 22. Rfe1 {[%emt 0:00:09]} Rde8 {[%emt 0:00:05]} 23. e5 {[%emt 0:00:20]} Qd5 {[%emt 0:00:05]} 24. c4 {[%emt 0:00:07]} Qc6 {[%emt 0:00:03]} 25. b4 {[%emt 0:00:02]} f6 {[%emt 0:00:01]} 26. exf6 {[%emt 0:00:15]} Rxe2 {[%emt 0:00:05]} 27. Rxe2 {[%emt 0:00:01]} Rxe2 {[%emt 0:00:06]} 28. Qxe2 {[%emt 0:00:00]} Bxf6 {[%emt 0:00:00]} 29. b5 {[%emt 0:00:03]} Qd7 {[%emt 0:00:03]} 30. Qe4 {[%emt 0:00:01]} Kg7 {[%emt 0:00:07]} 31. g4 {[%emt 0:00:03]} d3 {[%emt 0:00:05]} 32. Kf2 {[%emt 0:00:08]} h5 {[%emt 0:00:04]} 33. Kf3 {[%emt 0:00:07]} hxg4+ {[%emt 0:00:02]} 34. hxg4 {[%emt 0:00:00]} Bb2 {[%emt 0:00:03]} 35. a4 {[%emt 0:00:02]} Kf7 {[%emt 0:00:20]} 36. a5 {[%emt 0:00:01]} Bf6 {[%emt 0:00:11]} 37. a6 {[%emt 0:00:01]} Bb2 {[%emt 0:00:02]} 38. Qb7 {[%emt 0:00:04]} Qe7 {[%emt 0:00:06]} 39. Qd5+ {[%emt 0:00:03]} Kg7 {[%emt 0:00:01]} 40. Qxd3 {[%emt 0:00:01]} Qh4 {[%emt 0:00:00]} 41. Qd7+ {[%emt 0:00:05]} Kg8 {[%emt 0:00:04]} 42. Qc8+ {[%emt 0:00:03]} Kh7 {[%emt 0:00:00]} 43. Qxc7+ {[%emt 0:00:02]} Bg7 {[%emt 0:00:00]} 44. f5 {[%emt 0:00:09]} Qh3+ {[%emt 0:00:02]} 45. Qg3 {[%emt 0:00:04]} Qf1+ {[%emt 0:00:02]} 46. Qf2 {[%emt 0:00:01]} Qd3+ {[%emt 0:00:03]} 47. Kg2 {[%emt 0:00:04]} Qxc4 {[%emt 0:00:00]} 48. fxg6+ {[%emt 0:00:01]} Kg8 {[%emt 0:00:03]} 49. Qf7+ {[%emt 0:00:01]} Qxf7 {[%emt 0:00:01]} 50. gxf7+ {[%emt 0:00:00]} Kxf7 {[%emt 0:00:00]} 51. b6 {[%emt 0:00:00] Konstantin Peyrer gibt auf (Lag: Av=0.75s, max=1.4s)} 1-0

[Event "AUT-ch Internet"]
[Site "Wilhelm-Steinitz-Stadion"]
[Date "2020.10.04"]
[Round "3"]
[White "Febloh"]
[Black "Sackbauer"]
[Result "1/2-1/2"]
[WhiteElo "2249"]
[BlackElo "2509"]
[PlyCount "79"]
[EventDate "2020.10.04"]
[EventType "blitz"]

1. d4 {[%emt 0:00:04]} Nf6 {[%emt 0:00:02]} 2. Nf3 {[%emt 0:00:01]} g6 {[%emt 0:00:01]} 3. b3 {[%emt 0:00:09]} Bg7 {[%emt 0:00:04]} 4. Bb2 {[%emt 0:00:01]} d5 {[%emt 0:00:01]} 5. e3 {[%emt 0:00:01]} O-O {[%emt 0:00:00]} 6. Be2 {[%emt 0:00:03]} b6 {[%emt 0:00:02]} 7. O-O {[%emt 0:00:01]} Bb7 {[%emt 0:00:00]} 8. c4 {[%emt 0:00:01]} Nbd7 {[%emt 0:00:06]} 9. Nc3 {[%emt 0:00:04]} c5 {[%emt 0:00:08]} 10. cxd5 {[%emt 0:00:12]} Nxd5 {[%emt 0:00:05]} 11. Qd2 {[%emt 0:00:04]} Nxc3 {[%emt 0:00:08]} 12. Bxc3 {[%emt 0:00:01] Sackbauer reconnected.} cxd4 {[%emt 0:00:26]} 13. Bxd4 {[%emt 0:00:04]} Bxd4 {[%emt 0:00:05]} 14. Qxd4 {[%emt 0:00:05]} Nf6 {[%emt 0:00:08]} 15. Rfd1 {[%emt 0:00:09]} Qxd4 {[%emt 0:00:03]} 16. Nxd4 {[%emt 0:00:01]} Rac8 {[%emt 0:00:06]} 17. Rac1 {[%emt 0:00:03]} Rfd8 {[%emt 0:00:10]} 18. f3 {[%emt 0:00:53]} Nd5 {[%emt 0:00:26]} 19. Kf2 {[%emt 0:00:27]} Nc3 {[%emt 0:00:08]} 20. Re1 {[%emt 0:00:01]} e5 {[%emt 0:00:33]} 21. Nb5 {[%emt 0:00:02]} Nxe2 {[%emt 0:00:16]} 22. Rxc8 {[%emt 0:00:27]} Rxc8 {[%emt 0:00:07]} 23. Nd6 {[%emt 0:00:15]} Nc1 {[%emt 0:00:06] Sackbauer reconnected.} 24. Nxc8 {[%emt 0:00:24]} Nd3+ {[%emt 0:00:01]} 25. Ke2 {[%emt 0:00:01]} Nxe1 {[%emt 0:00:01]} 26. Nd6 {[%emt 0:00:01]} Nxf3 {[%emt 0:00:18]} 27. Nxb7 {[%emt 0:00:05]} Nxh2 {[%emt 0:00:01]} 28. Nd6 {[%emt 0:00:01]} a6 {[%emt 0:00:07]} 29. Nc4 {[%emt 0:00:02]} Ng4 {[%emt 0:00:03]} 30. Nxb6 {[%emt 0:00:03]} Kf8 {[%emt 0:00:01]} 31. Nc4 {[%emt 0:00:08]} Ke7 {[%emt 0:00:04]} 32. b4 {[%emt 0:00:04]} Kd7 {[%emt 0:00:02]} 33. a4 {[%emt 0:00:01]} Kc6 {[%emt 0:00:01]} 34. Kf3 {[%emt 0:00:02]} f5 {[%emt 0:00:02]} 35. e4 {[%emt 0:00:02]} h5 {[%emt 0:00:02]} 36. g3 {[%emt 0:00:01]} Nh2+ {[%emt 0:00:04]} 37. Kg2 {[%emt 0:00:01]} Ng4 {[%emt 0:00:01]} 38. Kf3 {[%emt 0:00:01]} Nh2+ {[%emt 0:00:12]} 39. Kg2 {[%emt 0:00:01]} Ng4 {[%emt 0:00:00]} 40. Kf3 {[%emt 0:00:00] (Lag: Av=1.85s, max=47.6s)} 1/2-1/2

[Event "AUT-ch Internet"]
[Site "Wilhelm-Steinitz-Stadion"]
[Date "2020.10.04"]
[Round "3"]
[White "Valentin Dragnev"]
[Black "Stefan Kindermann"]
[Result "1-0"]
[WhiteElo "2212"]
[BlackElo "2385"]
[PlyCount "55"]
[EventDate "2020.10.04"]
[EventType "blitz"]

1. d4 {[%emt 0:00:02]} e6 {[%emt 0:00:02]} 2. g3 {[%emt 0:00:02]} f5 {[%emt 0:00:01]} 3. Bg2 {[%emt 0:00:01]} Nf6 {[%emt 0:00:01]} 4. Nh3 {[%emt 0:00:02]} d5 {[%emt 0:00:05]} 5. O-O {[%emt 0:00:01]} Bd6 {[%emt 0:00:02]} 6. Bf4 {[%emt 0:00:02]} O-O {[%emt 0:00:03]} 7. Bxd6 {[%emt 0:00:01]} cxd6 {[%emt 0:00:02]} 8. Nd2 {[%emt 0:00:08]} Nc6 {[%emt 0:00:08]} 9. e3 {[%emt 0:00:02]} Qe7 {[%emt 0:00:10]} 10. c4 {[%emt 0:00:03]} dxc4 {[%emt 0:00:11]} 11. Nxc4 {[%emt 0:00:00]} Bd7 {[%emt 0:00:28]} 12. Nf4 {[%emt 0:00:15]} e5 {[%emt 0:00:34]} 13. Nd5 {[%emt 0:00:28]} Nxd5 {[%emt 0:00:02]} 14. Bxd5+ {[%emt 0:00:00]} Kh8 {[%emt 0:00:02]} 15. dxe5 {[%emt 0:00:55]} dxe5 {[%emt 0:00:01]} 16. Qe2 {[%emt 0:00:14]} Rad8 {[%emt 0:00:13]} 17. Rfd1 {[%emt 0:00:02]} Be8 {[%emt 0:00:33]} 18. a3 {[%emt 0:00:22]} Qf6 {[%emt 0:00:17]} 19. b4 {[%emt 0:00:20]} f4 {[%emt 0:00:21]} 20. Be4 {[%emt 0:00:24]} f3 {[%emt 0:00:14]} 21. Qf1 {[%emt 0:00:03]} Bg6 {[%emt 0:00:11]} 22. Bxg6 {[%emt 0:00:09]} Qxg6 {[%emt 0:00:03]} 23. b5 {[%emt 0:00:01]} Ne7 {[%emt 0:00:03]} 24. Nxe5 {[%emt 0:00:03]} Qe6 {[%emt 0:00:03]} 25. Rxd8 {[%emt 0:00:05]} Rxd8 {[%emt 0:00:01]} 26. Nxf3 {[%emt 0:00:01]} Nf5 {[%emt 0:00:04]} 27. Rd1 {[%emt 0:00:02]} Rf8 {[%emt 0:00:02]} 28. Nd4 {[%emt 0:00:02] Zeit (Lag: Av=0.80s, max=1.0s)} 1-0

[Event "AUT-ch Internet"]
[Site "Wilhelm-Steinitz-Stadion"]
[Date "2020.10.04"]
[Round "3"]
[White "Lukas Breneis"]
[Black "En#passant"]
[Result "0-1"]
[WhiteElo "2138"]
[BlackElo "2278"]
[PlyCount "122"]
[EventDate "2020.10.04"]
[EventType "blitz"]

1. e4 {[%emt 0:00:02]} c5 {[%emt 0:00:02]} 2. Nf3 {[%emt 0:00:01]} d6 {[%emt 0:00:01]} 3. Bb5+ {[%emt 0:00:02]} Nd7 {[%emt 0:00:03]} 4. a4 {[%emt 0:00:01]} Ngf6 {[%emt 0:00:03]} 5. d3 {[%emt 0:00:02]} g6 {[%emt 0:00:02]} 6. a5 {[%emt 0:00:01]} Bg7 {[%emt 0:00:02]} 7. a6 {[%emt 0:00:03]} bxa6 {[%emt 0:00:02]} 8. Bxa6 {[%emt 0:00:01]} Bxa6 {[%emt 0:00:01]} 9. Rxa6 {[%emt 0:00:00]} O-O {[%emt 0:00:03]} 10. Nc3 {[%emt 0:00:08]} Qc8 {[%emt 0:00:02]} 11. Ra1 {[%emt 0:00:10]} Qb7 {[%emt 0:00:02]} 12. O-O {[%emt 0:00:04]} c4 {[%emt 0:00:12]} 13. dxc4 {[%emt 0:00:16]} Nb6 {[%emt 0:00:57]} 14. Qe2 {[%emt 0:00:22]} Rfc8 {[%emt 0:00:05]} 15. e5 {[%emt 0:00:07]} Ne8 {[%emt 0:00:15]} 16. e6 {[%emt 0:00:01]} f5 {[%emt 0:00:06]} 17. Nd2 {[%emt 0:00:34]} Bxc3 {[%emt 0:00:17]} 18. bxc3 {[%emt 0:00:01]} Qc6 {[%emt 0:00:02]} 19. Re1 {[%emt 0:00:13]} Nxc4 {[%emt 0:00:06]} 20. Nf3 {[%emt 0:00:06]} a5 {[%emt 0:00:42]} 21. Bg5 {[%emt 0:00:04]} Rc7 {[%emt 0:00:02]} 22. Nd4 {[%emt 0:00:21]} Qa6 {[%emt 0:00:01]} 23. Ra4 {[%emt 0:00:31]} Ne5 {[%emt 0:00:09]} 24. Qd2 {[%emt 0:00:14]} Ng7 {[%emt 0:00:13]} 25. h4 {[%emt 0:00:04]} Qc8 {[%emt 0:00:02]} 26. Rea1 {[%emt 0:00:08]} Nxe6 {[%emt 0:00:06]} 27. Rxa5 {[%emt 0:00:05]} Rxa5 {[%emt 0:00:00]} 28. Rxa5 {[%emt 0:00:00]} Nc4 {[%emt 0:00:03]} 29. Qe1 {[%emt 0:00:11]} Nxd4 {[%emt 0:00:02]} 30. cxd4 {[%emt 0:00:01]} Nxa5 {[%emt 0:00:01]} 31. Qxa5 {[%emt 0:00:00]} Kg7 {[%emt 0:00:05]} 32. d5 {[%emt 0:00:06]} h6 {[%emt 0:00:04]} 33. Qa1+ {[%emt 0:00:02]} Kh7 {[%emt 0:00:02]} 34. Be3 {[%emt 0:00:03]} Rxc2 {[%emt 0:00:02]} 35. Qd4 {[%emt 0:00:02]} Rc4 {[%emt 0:00:03]} 36. Qd3 {[%emt 0:00:03]} Rxh4 {[%emt 0:00:03]} 37. g3 {[%emt 0:00:01]} Re4 {[%emt 0:00:02]} 38. Bd2 {[%emt 0:00:01]} Qc4 {[%emt 0:00:02]} 39. Qf3 {[%emt 0:00:01]} Qxd5 {[%emt 0:00:01]} 40. Be3 {[%emt 0:00:01]} Qe6 {[%emt 0:00:04]} 41. Qe2 {[%emt 0:00:02]} d5 {[%emt 0:00:02]} 42. Qb5 {[%emt 0:00:02]} d4 {[%emt 0:00:01]} 43. Bf4 {[%emt 0:00:01]} g5 {[%emt 0:00:04]} 44. Bc7 {[%emt 0:00:02]} Kg6 {[%emt 0:00:01]} 45. Qe8+ {[%emt 0:00:03]} Qf7 {[%emt 0:00:00]} 46. Qh8 {[%emt 0:00:02]} Re1+ {[%emt 0:00:06]} 47. Kh2 {[%emt 0:00:02]} d3 {[%emt 0:00:00]} 48. Ba5 {[%emt 0:00:02]} Re2 {[%emt 0:00:02]} 49. Qd4 {[%emt 0:00:05]} Re4 {[%emt 0:00:07]} 50. Qh8 {[%emt 0:00:03]} h5 {[%emt 0:00:03]} 51. Bc3 {[%emt 0:00:01]} f4 {[%emt 0:00:02]} 52. g4 {[%emt 0:00:02]} hxg4 {[%emt 0:00:03]} 53. Qc8 {[%emt 0:00:02]} g3+ {[%emt 0:00:00]} 54. Kg2 {[%emt 0:00:01]} f3+ {[%emt 0:00:01]} 55. Kg1 {[%emt 0:00:02]} gxf2+ {[%emt 0:00:02]} 56. Kxf2 {[%emt 0:00:00]} Re2+ {[%emt 0:00:01]} 57. Kf1 {[%emt 0:00:01]} f2 {[%emt 0:00:00]} 58. Qh8 {[%emt 0:00:07]} g4 {[%emt 0:00:04]} 59. Qh4 {[%emt 0:00:01]} Qe6 {[%emt 0:00:05]} 60. Qg3 {[%emt 0:00:03]} Re1+ {[%emt 0:00:01]} 61. Kxf2 {[%emt 0:00:01]} Qe2# {[%emt 0:00:02]} 0-1

[Event "AUT-ch Internet"]
[Site "Wilhelm-Steinitz-Stadion"]
[Date "2020.10.04"]
[Round "3"]
[White "Tannika"]
[Black "S Baumegger"]
[Result "0-1"]
[WhiteElo "2137"]
[BlackElo "2163"]
[PlyCount "36"]
[EventDate "2020.10.04"]
[EventType "blitz"]

1. e4 {[%emt 0:00:04]} d5 {[%emt 0:00:01]} 2. exd5 {[%emt 0:00:01]} Qxd5 {[%emt 0:00:00]} 3. Nc3 {[%emt 0:00:01]} Qa5 {[%emt 0:00:00]} 4. d4 {[%emt 0:00:01]} Nf6 {[%emt 0:00:01]} 5. Bc4 {[%emt 0:00:02]} Bg4 {[%emt 0:00:04]} 6. f3 {[%emt 0:00:22]} Bf5 {[%emt 0:00:01]} 7. g4 {[%emt 0:00:03]} Bg6 {[%emt 0:00:02]} 8. h4 {[%emt 0:00:01]} h6 {[%emt 0:00:36]} 9. Nh3 {[%emt 0:00:08]} e6 {[%emt 0:00:02]} 10. Qe2 {[%emt 0:00:15]} Bb4 {[%emt 0:00:18]} 11. Bd2 {[%emt 0:00:02]} Nc6 {[%emt 0:00:02]} 12. Qe3 {[%emt 0:01:45]} O-O-O {[%emt 0:00:04]} 13. O-O-O {[%emt 0:00:24]} Nxd4 {[%emt 0:00:07]} 14. Nf4 {[%emt 0:00:06]} Bxc2 {[%emt 0:00:16]} 15. Rde1 {[%emt 0:00:09]} Bh7 {[%emt 0:00:04]} 16. a3 {[%emt 0:00:01]} Qxa3 {[%emt 0:00:21]} 17. bxa3 {[%emt 0:00:02]} Bxa3+ {[%emt 0:00:02]} 18. Kd1 {[%emt 0:00:02]} Bc2# {[%emt 0:00:00] (Lag: Av=0.80s, max=1.1s)} 0-1